|
|
|
|
| LEADER |
00000nab a22000001a 4500 |
| 001 |
vtls008997677 |
| 003 |
SK-MaSNL |
| 005 |
20260303065816.0 |
| 008 |
070611d19370324xo |r|p|||| |000 b|slo |
| 015 |
|
|
|a SNBRRBVU1918-1938
|
| 038 |
|
|
|a SNKBUCL
|
| 038 |
|
|
|a SNKBUVU
|
| 040 |
|
|
|a SNKBUVU
|b slo
|c SNKBUCL
|e AACR2
|
| 041 |
0 |
|
|a slo
|
| 044 |
|
|
|a xo
|c SK
|
| 080 |
|
|
|a 75.071.1
|2 1997
|
| 080 |
|
|
|a 929 Čapek, Josef
|2 1997
|
| 080 |
|
|
|a 82:929:821.162.3
|2 1997
|
| 245 |
0 |
0 |
|a J. Čapek 50 ročný
|
| 520 |
|
|
|a Fotografia portrétu s krátkou biografickou poznámkou
|
| 600 |
1 |
7 |
|a Čapek, Josef,
|d 1887-1945
|2 MM
|9 106820
|
| 655 |
|
7 |
|a fotografie
|2 MM
|9 70713
|
| 773 |
0 |
|
|t Slovenské zvesti
|g Roč. 2, č. 58 (24.3.1937), s. 4
|
| 852 |
|
|
|a SNK
|b KIS3GCP
|
| 910 |
|
|
|a snkrbvumm
|
| 958 |
|
|
|a VY
|
| 958 |
|
|
|a BC
|
| 958 |
|
|
|a CZ
|
| 999 |
|
|
|c 1752795
|d 1754725
|